Εισαγωγή στη θεωρία πιθανοτήτων και στατιστική
Αποθηκεύτηκε σε:
| Κύριος συγγραφέας: | |
|---|---|
| Άλλοι συγγραφείς: | |
| Μορφή: | Βιβλίο |
| Γλώσσα: | Greek |
| Δημοσίευση: |
Αθήνα :
Συμεών,
c1999.
|
| Έκδοση: | 4η εκδ. |
| Θέματα: | |
| Ετικέτες: |
Προσθήκη ετικέτας
Δεν υπάρχουν, Καταχωρήστε ετικέτα πρώτοι!
|
MARC
| LEADER | 00000cam a2200000 i 4500 | ||
|---|---|---|---|
| 001 | 1/930 | ||
| 008 | 090819s1999 gr | ||| |||| ||gre|| | ||
| 020 | |a 9607888340 | ||
| 035 | |l 10105413 | ||
| 040 | |a GR-MyUa |b gre |e AACR2 | ||
| 041 | 0 | |a gre | |
| 082 | 7 | |a 519.5 |2 (22) | |
| 100 | 1 | |a Κοκολάκης, Γιώργος. | |
| 245 | 1 | 0 | |a Εισαγωγή στη θεωρία πιθανοτήτων και στατιστική / |c Γ. Κοκολάκης, Ι. Σπηλιώτης. |
| 250 | |a 4η εκδ. | ||
| 260 | |a Αθήνα : |b Συμεών, |c c1999. | ||
| 300 | |a 366 σ. ; |c 24 εκ. | ||
| 504 | |a Βιβλιογραφία: σ. 365-366 | ||
| 650 | 0 | 0 | |a Statistics. |
| 650 | 0 | 0 | |a Probabilities. |
| 700 | 1 | |a Σπηλιώτης, Ιωάννης. | |
| 852 | |a INST |b SYROS |e 20090819 |h 519.5 ΚΟΚ |p 005500007622 |q 005500007622 |t BK |y 0 | ||
| 852 | |a INST |b SYROS |e 20090819 |h 519.5 ΚΟΚ |p 005500007623 |q 005500007623 |t BK |y 0 | ||
| 901 | |a BIBL5-2009-2 | ||
| 970 | |a ΚΟΝΤΟΥ |b ΠΑΡΑΣΚΕΥΗ |z 2009/08/19 | ||